Formel 1 Podium 1950 - Statistiken

Allgemein
  • Dieses Quiz wurde 79 mal gespielt
  • Das Durchschnittsergebnis liegt bei 5 aus 12
Antwortstatistiken
Antwort % Korrekt
Juan Manuel Fangio
100%
Giuseppe Farina
96%
Alberto Ascari
93%
Serafini / Ascari
93%
Luigi Fagioli
31%
Johnnie Parsons
13%
Louis Chiron
11%
Reg Parnell
9%
Louis Rosier
7%
Mauri Rose
2%
Peter Whitehead
2%
Bill Holland
0%
Keine übereinstimmenden Quizze gefunden
Verteilung der Resultate
Anzahl Personen mit jedem Resultat
Perzentil nach korrekt beantworteten Fragen
Ihre Resultats-Entwicklung
Sie haben dieses Quiz noch nicht gespielt